[Event "Olympiad Women-37"]
[Site "Turin"]
[Date "2006.05.24"]
[Round "4"]
[White "Sabirova, Sophia"]
[Black "Sanchez Castillo, Sarai Carolina"]
[Result "0-1"]
[WhiteElo "2143"]
[BlackElo "2176"]
[PlyCount "86"]
[EventDate "2006.05.21"]
[EventType "team-swiss"]
[EventRounds "13"]
[EventCountry "ITA"]
[SourceTitle "CBM 112 Extra"]
[Source "ChessBase"]
[SourceDate "2006.07.14"]
[SourceVersion "1"]
[SourceVersionDate "2006.07.14"]
[SourceQuality "1"]
[WhiteTeam "Kyrgyzstan (W)"]
[BlackTeam "Venezuela (W)"]
[WhiteTeamCountry "KGZ"]
[BlackTeamCountry "VEN"]

1. d4 d5 2. Nf3 Nf6 3. c4 c6 4. cxd5 cxd5 5. Nc3 Nc6 6. Bf4 e6 7. e3 a6 8. Rc1 Be7 9. Bd3 0-0 10. 0-0 Bd7 11. Ne5 Rc8 12. Bb1 Na5 13. Bg5 Bb5 14. Nxb5 Rxc1 15. Qxc1 axb5 16. Qc2 g6 17. b3 Kg7 18. Rc1 Ng8 19. Bxe7 Nxe7 20. Qc5 Nac6 21. Qxb5 Nxe5 22. dxe5 Qb8 23. Qd7 Nc6 24. Qd6 Nxe5 25. Qxb8 Rxb8 26. Rc7 Kf8 27. h3 Ke8 28. f4 Kd8 29. Rc3 Nc6 30. a3 Rc8 31. Kf2 Kd7 32. Ke2 f6 33. b4 Kd6 34. Kd2 Rf8 35. Ba2 Ra8 36. Rd3 Nxb4 37. axb4 Rxa2+ 38. Kc3 Rxg2 39. e4 Rf2 40. exd5 exd5 41. Rd4 Rf3+ 42. Kd2 Rxh3 43. Ke2 Rc3 0-1

[Event "Olympiad Women-37"]
[Site "Turin"]
[Date "2006.05.22"]
[Round "2"]
[White "Sabirova, Sophia"]
[Black "Borsuk, Angela"]
[Result "0-1"]
[WhiteElo "2143"]
[BlackElo "2341"]
[PlyCount "109"]
[EventDate "2006.05.21"]
[EventType "team-swiss"]
[EventRounds "13"]
[EventCountry "ITA"]
[SourceTitle "CBM 112 Extra"]
[Source "ChessBase"]
[SourceDate "2006.07.14"]
[SourceVersion "1"]
[SourceVersionDate "2006.07.14"]
[SourceQuality "1"]
[WhiteTeam "Kyrgyzstan (W)"]
[BlackTeam "Israel (W)"]
[WhiteTeamCountry "KGZ"]
[BlackTeamCountry "ISR"]

1. d4 d6 2. c4 e5 3. dxe5 dxe5 4. Qxd8+ Kxd8 5. Nc3 c6 6. Bd2 Be6 7. b3 Nd7 8. g3 a5 9. Bg2 f6 10. Nf3 Ba3 11. 0-0 Ne7 12. Ne1 Nf5 13. Nc2 Be7 14. Rfd1 Kc7 15. e4 Nd6 16. Be3 b6 17. Rac1 Nb7 18. Ne1 Bc5 19. Bxc5 Ndxc5 20. Nc2 Rhd8 21. Ne3 Rd4 22. Nf5 Bxf5 23. exf5 Rad8 24. Rxd4 Rxd4 25. h3 Nd6 26. g4 Rd2 27. Kf1 Nd3 28. Rd1 Rxd1+ 29. Nxd1 a4 30. Ke2 axb3 31. axb3 Nc1+ 32. Kd2 Nxb3+ 33. Kc3 Nd4 34. Ne3 Ne2+ 35. Kc2 Nf4 36. Bf1 Ne4 37. Nd1 Kd6 38. h4 Kc5 39. f3 Nd6 40. Ne3 h6 41. Kc3 b5 42. Kb3 e4 43. fxe4 Nxe4 44. cxb5 cxb5 45. Kc2 Ng3 46. Bd3 Kd4 47. Nf1 Nxf1 48. Bxf1 b4 49. Kb3 Nd5 50. Be2 Ke4 51. Kc4 Ne3+ 52. Kxb4 Ke5 53. Kc5 Kf4 54. Bd3 Ke5 55. Kc6 0-1

[Event "Olympiad Women-34"]
[Site "Istanbul"]
[Date "2000.10.31"]
[Round "4.1"]
[White "Medic, Mirjana"]
[Black "Sabirova, Sophia"]
[Result "0-1"]
[WhiteElo "2294"]
[BlackElo "2131"]
[PlyCount "70"]
[EventDate "2000.10.28"]
[EventType "team-swiss"]
[EventRounds "14"]
[EventCountry "TUR"]
[SourceTitle "EXT 2001"]
[Source "ChessBase"]
[SourceDate "2000.11.22"]
[SourceVersion "1"]
[SourceVersionDate "2000.11.22"]
[SourceQuality "1"]
[WhiteTeam "Croatia (W)"]
[BlackTeam "Kyrgyzstan (W)"]
[WhiteTeamCountry "CRO"]
[BlackTeamCountry "KGZ"]

1. d4 d5 2. c4 c6 3. e3 e6 4. Nc3 f5 5. Qh5+ g6 6. Qd1 Bd6 7. Bd3 Nf6 8. Nf3 Nbd7 9. Qc2 Ne4 10. a3 0-0 11. b4 b6 12. Bb2 Bb7 13. Ne2 Qf6 14. c5 Bc7 15. b5 bxc5 16. dxc5 Ba5+ 17. Kf1 e5 18. Qa4 Ndxc5 19. Qxa5 Nxd3 20. Rb1 Nxb2 21. Rxb2 c5 22. Qc7 Nd6 23. Qxc5 Nc4 24. Ra2 g5 25. Nd2 Nxd2+ 26. Rxd2 Rfc8 27. Qb4 Rc4 28. Qb2 Rac8 29. f4 gxf4 30. exf4 d4 31. fxe5 Qxe5 32. Qb3 Kh8 33. Qd3 Be4 34. Qg3 f4 35. Qe1 d3 0-1

[Event "Olympiad Women-34"]
[Site "Istanbul"]
[Date "2000.10.30"]
[Round "3.1"]
[White "Sabirova, Sophia"]
[Black "Zsiltzova Lisenko, Lubov"]
[Result "1-0"]
[WhiteElo "2131"]
[BlackElo "2273"]
[PlyCount "94"]
[EventDate "2000.10.28"]
[EventType "team-swiss"]
[EventRounds "14"]
[EventCountry "TUR"]
[SourceTitle "EXT 2001"]
[Source "ChessBase"]
[SourceDate "2000.11.22"]
[SourceVersion "1"]
[SourceVersionDate "2000.11.22"]
[SourceQuality "1"]
[WhiteTeam "Kyrgyzstan (W)"]
[BlackTeam "IBCA (W)"]
[WhiteTeamCountry "KGZ"]

1. d4 d5 2. Nf3 Nf6 3. Bg5 Bf5 4. e3 e6 5. c4 Be7 6. Nc3 dxc4 7. Bxc4 0-0 8. 0-0 a6 9. Qe2 Bg4 10. Rfd1 Nc6 11. Rac1 Qe8 12. h3 Bh5 13. e4 Nxe4 14. Nxe4 Bxf3 15. Qxf3 Rd8 16. Bxe7 Qxe7 17. Qc3 Qh4 18. Qe3 Kh8 19. Bxa6 Ne7 20. Bxb7 Nf5 21. Qg5 Qxg5 22. Nxg5 Nxd4 23. Kh2 Rd7 24. Nf3 c5 25. Bc6 Ra7 26. Rxc5 Nxc6 27. Rxc6 Rxa2 28. Rd2 g6 29. b4 Ra1 30. Rb2 Rb8 31. Rc7 Kg7 32. Ne5 Rb5 33. Nxf7 Kf6 34. Nd6 Rd5 35. Ne4+ Ke5 36. Nc5 Re1 37. Rc6 Kf5 38. b5 Rdd1 39. h4 h5 40. Kg3 g5 41. Nb7 gxh4+ 42. Kf3 e5 43. g4+ hxg3 44. Kxg3 e4 45. Nd6+ Ke5 46. Nxe4 Kxe4 47. Re6+ Kf5 1-0

[Event "Olympiad Women-32"]
[Site "Yerevan"]
[Date "1996.??.??"]
[Round "12"]
[White "Dengler, Dijana"]
[Black "Sabirova, Sophia"]
[Result "1/2-1/2"]
[WhiteElo "2130"]
[BlackElo "2095"]
[PlyCount "196"]
[EventDate "1996.09.15"]
[EventType "team-swiss"]
[EventRounds "14"]
[EventCountry "ARM"]
[SourceTitle "EXT 1997"]
[Source "ChessBase"]
[SourceDate "1996.11.15"]
[SourceVersion "1"]
[SourceVersionDate "1996.11.15"]
[SourceQuality "1"]

1. d4 d5 2. c4 c6 3. Nc3 Nf6 4. Nf3 dxc4 5. a4 Bg4 6. e3 e6 7. Bxc4 Bb4 8. 0-0 0-0 9. Be2 Nbd7 10. Qb3 Qb6 11. Na2 Be7 12. Qc2 a5 13. Rd1 Bf5 14. Bd3 Bxd3 15. Rxd3 Qa6 16. Rb3 Rfc8 17. e4 b5 18. Bg5 Bf8 19. Bxf6 gxf6 20. e5 b4 21. exf6 Nxf6 22. Ng5 Bg7 23. Re1 Qa7 24. Rg3 Qxd4 25. Nc1 h6 26. Ne2 Qd7 27. Nf3 Rd8 28. Nf4 Rac8 29. Qb1 Rc7 30. Ne5 Qd2 31. Nfd3 b3 32. h3 Kf8 33. Qc1 Qxc1 34. Rxc1 Nd5 35. Rxc6 Rxc6 36. Nxc6 Ra8 37. Rf3 Nb6 38. Nc5 Bxb2 39. Nxe6+ Kg8 40. Ne7+ Kh8 41. Rxf7 Re8 42. Nf4 Rxe7 43. Rxe7 Bc3 44. Ne2 Bb4 45. Re3 b2 46. Rb3 Nxa4 47. Nd4 Ba3 48. Nc2 Be7 49. Kf1 Bf6 50. Na3 Kg7 51. Rb5 Be7 52. Rb7 Kf6 53. Nb1 Bb4 54. Ke2 Ke5 55. Kd1 Nc5 56. Rb5 Kd4 57. Kc2 Nd3 58. Rh5 Nxf2 59. Rxh6 Nd3 60. Rh4+ Ke3 61. g4 a4 62. g5 a3 63. Nxa3 Bxa3 64. g6 Ne1+ 65. Kb1 Nf3 66. Rb4 Bxb4 67. Kxb2 Bf8 68. Kb3 Nh4 69. Kc4 Nxg6 70. Kd5 Kf3 71. Ke6 Nf4+ 72. Ke5 Nxh3 73. Kd5 Kf4 74. Kd4 Ng5 75. Kd5 Bg7 76. Kd6 Ke4 77. Kc5 Nf3 78. Kc6 Bd4 79. Kd6 Ng5 80. Kc6 Ke5 81. Kd7 Kd5 82. Ke7 Nf3 83. Kd7 Bf6 84. Kc7 Ne5 85. Kb6 Kc4 86. Kc7 Kc5 87. Kb7 Bd8 88. Kc8 Ba5 89. Kb7 Bb6 90. Ka6 Nd3 91. Kb7 Nb4 92. Kb8 Kc6 93. Ka8 Nd5 94. Kb8 Bc7+ 95. Ka8 Nb6+ 96. Ka7 Be5 97. Ka6 Nc8 98. Ka5 Ba1 1/2-1/2

[Event "Olympiad Women-32"]
[Site "Yerevan"]
[Date "1996.??.??"]
[Round "14"]
[White "Sabirova, Olga"]
[Black "Sabirova, Sophia"]
[Result "1/2-1/2"]
[WhiteElo "2250"]
[BlackElo "2095"]
[PlyCount "37"]
[EventDate "1996.09.15"]
[EventType "team-swiss"]
[EventRounds "14"]
[EventCountry "ARM"]
[SourceTitle "EXT 1997"]
[Source "ChessBase"]
[SourceDate "1996.11.15"]
[SourceVersion "1"]
[SourceVersionDate "1996.11.15"]
[SourceQuality "1"]

1. e4 c5 2. d3 Nc6 3. g3 g6 4. Bg2 Bg7 5. c3 e6 6. f4 Nge7 7. Nf3 d5 8. 0-0 0-0 9. Be3 b6 10. Bf2 Bb7 11. e5 Qc7 12. Nbd2 Rad8 13. Qe2 Ba6 14. Rfd1 Rfe8 15. Nf1 Nb8 16. Rac1 Nec6 17. b4 c4 18. d4 Bb5 19. Qc2 1/2-1/2

[Event "Olympiad Women-32"]
[Site "Yerevan"]
[Date "1996.??.??"]
[Round "5"]
[White "Sabirova, Sophia"]
[Black "Fruteau, Sabine"]
[Result "1-0"]
[WhiteElo "2095"]
[BlackElo "2190"]
[PlyCount "53"]
[EventDate "1996.09.15"]
[EventType "team-swiss"]
[EventRounds "14"]
[EventCountry "ARM"]
[SourceTitle "EXT 1997"]
[Source "ChessBase"]
[SourceDate "1996.11.15"]
[SourceVersion "1"]
[SourceVersionDate "1996.11.15"]
[SourceQuality "1"]

1. d4 Nf6 2. e3 e6 3. Bd3 c5 4. f4 Nc6 5. Nf3 d5 6. 0-0 Be7 7. c3 0-0 8. Nbd2 c4 9. Bc2 Ng4 10. Ne5 Ncxe5 11. Qe2 Nxe3 12. Qxe3 Ng4 13. Qh3 f5 14. Nf3 Rf6 15. Qg3 Rh6 16. h3 Nf6 17. Ne5 Qe8 18. Bd2 b5 19. b3 cxb3 20. axb3 Bb7 21. Ra2 a6 22. Rfa1 Rc8 23. Bd1 Ne4 24. Qd3 Kh8 25. Bf3 Nxd2 26. Qxd2 Qd8 27. Nf7+ 1-0

[Event "Olympiad Women-32"]
[Site "Yerevan"]
[Date "1996.??.??"]
[Round "11"]
[White "Sabirova, Sophia"]
[Black "Majul Martinez, Isolina"]
[Result "1-0"]
[WhiteElo "2095"]
[BlackElo "2075"]
[PlyCount "91"]
[EventDate "1996.09.15"]
[EventType "team-swiss"]
[EventRounds "14"]
[EventCountry "ARM"]
[SourceTitle "EXT 1997"]
[Source "ChessBase"]
[SourceDate "1996.11.15"]
[SourceVersion "1"]
[SourceVersionDate "1996.11.15"]
[SourceQuality "1"]

1. d4 Nf6 2. Nf3 b6 3. Bf4 Bb7 4. e3 g6 5. Bd3 Bg7 6. Nbd2 d6 7. h4 Nbd7 8. c3 e5 9. dxe5 dxe5 10. Bxe5 Nxe5 11. Nxe5 Bxg2 12. Rh2 Bb7 13. Qa4+ Kf8 14. 0-0-0 Qe8 15. Qxe8+ Rxe8 16. f4 Nd5 17. Ndc4 f6 18. Ng4 Bc8 19. Rg2 Bxg4 20. Rxg4 b5 21. Bf1 c6 22. e4 Rxe4 23. Nd6 Rxf4 24. Rxf4 Nxf4 25. Nc8 Nd5 26. Nxa7 Bh6+ 27. Kb1 Kf7 28. Nxc6 Ne3 29. Rd7+ Ke6 30. Re7+ Kd6 31. Bxb5 f5 32. Rf7 Ke6 33. Rb7 Ng2 34. Nd4+ Ke5 35. Nf3+ Kf4 36. Bc6 Kg3 37. a4 Rc8 38. Nd4 Nxh4 39. Rxh7 Be3 40. Bb7 Rf8 41. a5 f4 42. a6 f3 43. Rxh4 Kxh4 44. Nxf3+ Kg3 45. Nd4 Rf1+ 46. Ka2 1-0

[Event "Olympiad Women-31"]
[Site "Moscow"]
[Date "1994.12.08"]
[Round "7"]
[White "Sabirova, Sophia"]
[Black "Gonzalez Perez, Lutgarda"]
[Result "1-0"]
[WhiteElo "2090"]
[BlackElo "2245"]
[PlyCount "65"]
[EventDate "1994.12.01"]
[EventType "team-swiss"]
[EventRounds "14"]
[EventCountry "RUS"]
[SourceTitle "EXT 2019"]
[Source "ChessBase"]
[SourceDate "2018.10.10"]
[SourceVersion "1"]
[SourceVersionDate "2018.10.10"]
[SourceQuality "1"]
[WhiteTeam "Kyrgyzstan (W)"]
[BlackTeam "Spain (W)"]
[WhiteTeamCountry "KGZ"]
[BlackTeamCountry "ESP"]

1. c4 c6 2. d4 d5 3. cxd5 cxd5 4. Nc3 Nf6 5. Bg5 e6 6. e3 Be7 7. Bd3 Nc6 8. Rc1 a6 9. f4 b5 10. Nf3 Bb7 11. 0-0 Nd7 12. Kh1 f5 13. Bxe7 Qxe7 14. Ne5 Ncxe5 15. fxe5 h5 16. Ne2 Rc8 17. Rxc8+ Bxc8 18. Nf4 Nf8 19. Qc2 Bd7 20. Rc1 g5 21. Nxd5 exd5 22. Bxf5 Rh6 23. e4 Bc6 24. e6 Bb7 25. Qc7 Nxe6 26. Qb8+ Kf7 27. Bxe6+ Rxe6 28. Rc7 dxe4 29. Qxb7 e3 30. Rxe7+ Rxe7 31. Qf3+ Kg6 32. Qe2 Kf5 33. d5 1-0

[Event "Olympiad Women-30"]
[Site "Manila"]
[Date "1992.06.17"]
[Round "9"]
[White "Velikhanli, Firuza"]
[Black "Sabirova, Sophia"]
[Result "1-0"]
[WhiteElo "2230"]
[BlackElo "2075"]
[PlyCount "37"]
[EventDate "1992.06.07"]
[EventType "team-swiss"]
[EventRounds "14"]
[EventCountry "PHI"]
[SourceTitle "EXT 2019"]
[Source "ChessBase"]
[SourceDate "2018.10.10"]
[SourceVersion "1"]
[SourceVersionDate "2018.10.10"]
[SourceQuality "1"]
[WhiteTeam "Azerbaijan (W)"]
[BlackTeam "Kyrgyzstan (W)"]
[WhiteTeamCountry "AZE"]
[BlackTeamCountry "KGZ"]

1. e4 g6 2. d4 Bg7 3. c3 d6 4. f4 e6 5. Nf3 Nd7 6. Bd3 b6 7. 0-0 Bb7 8. f5 Ngf6 9. fxe6 fxe6 10. Ng5 Nf8 11. e5 dxe5 12. dxe5 Qd5 13. Qe2 N6d7 14. Bf4 h6 15. Be4 Qc5+ 16. Be3 Ba6 17. Qf3 Nxe5 18. Bxc5 Nxf3+ 19. Nxf3 1-0

[Event "Olympiad Women-30"]
[Site "Manila"]
[Date "1992.06.14"]
[Round "6"]
[White "Stefanova, Antoaneta"]
[Black "Sabirova, Sophia"]
[Result "0-1"]
[WhiteElo "2140"]
[BlackElo "2075"]
[PlyCount "36"]
[EventDate "1992.06.07"]
[EventType "team-swiss"]
[EventRounds "14"]
[EventCountry "PHI"]
[SourceTitle "EXT 2019"]
[Source "ChessBase"]
[SourceDate "2018.10.10"]
[SourceVersion "1"]
[SourceVersionDate "2018.10.10"]
[SourceQuality "1"]
[WhiteTeam "Bulgaria (W)"]
[BlackTeam "Kyrgyzstan (W)"]
[WhiteTeamCountry "BUL"]
[BlackTeamCountry "KGZ"]

1. d4 Nf6 2. Nf3 d5 3. g3 e6 4. Bg2 Be7 5. c4 0-0 6. Qc2 c5 7. 0-0 Na6 8. Rd1 Bd7 9. cxd5 Nb4 10. Qb3 c4 11. Qc3 Nfxd5 12. Qd2 Ba4 13. Rf1 Nc2 14. e4 Nb6 15. Nc3 Nxa1 16. Nxa4 Nxa4 17. Qe2 Rc8 18. Be3 Qb6 0-1